Movies Quiz

Random Movies or Superhero Quiz
Score 0/20 Timer 10:00
0 Plays Today
Superhero Actor % Correct
Iron ManRobert Downey, Jr
92.6%
DaredevilBen Affleck
92.2%
HancockWill Smith
91%
WolverineHugh Jackman
90.6%
StormHalle Berry
88.8%
Ghost RiderNicolas Cage
87.3%
BladeWesley Snipes
86.3%
ElektraJennifer Garner
80.7%
John ConstantineKeanu Reeves
72.5%
RogueAnna Paquin
69.1%
Superhero Actor % Correct
Judge DreddSylvester Stallone
66.7%
BullseyeColin Farrell
57.4%
HellboyRon Perlman
54.6%
MystiqueRebecca Romijn
50.6%
Dr ManhattanBilly Crudup
39%
ToadRay Park
35.5%
IcemanShawn Ashmore
29.1%
RocketeerBilly Campbell
15.5%
Captain AmazingGreg Kinnear
12%
Meteor ManRobert Townsend
11.4%
Remove Ads.
Support Sporcle.
Get the best of Sporcle when you Go Orange. This ad-free experience offers more features, more stats, and more fun while also helping to support Sporcle. Thank you for becoming a member.

You're not logged in!

Compare scores with friends on all Sporcle quizzes.
OR
Log In

Show Comments

Extras

Created Oct 2, 2009ReportNominate
Tags:Actor Quiz, Superhero Quiz

Top Quizzes Today


Score Distribution

Your Account Isn't Verified!

In order to create a playlist on Sporcle, you need to verify the email address you used during registration. Go to your Sporcle Settings to finish the process.

Report this User

Report this user for behavior that violates our Community Guidelines.

Details: